000 00393nam a22001457a 4500
005 20180127154508.0
008 180127b xxu||||| |||| 00| 0 eng d
040 _cPK-LaUMT
082 _aPKAC 297.082
_bJAL-A
100 _aJalal ud Din Umari
245 _aAurat aur Islam/
_cJalal ud Din Umari
260 _aلاہور:
_bالبدر پبلیکیشنز،
_c1983
300 _a80
942 _cBK
999 _c102321
_d102321